000 00720nam a2200253Ia 4500
003 OSt
005 20220918201240.0
006 a|||||r|||| 00| 0
007 ta
008 220917b |||||||| |||| 00| 0 eng d
024 _a92,620
037 _cTextual
040 _aARTS
_cARTS
_beng
041 _2eng
_aeng
082 _aV1:19(X755).N7, L4
100 _aWhite John
_997680
245 0 _aPolicitcs of Foreign Aid
260 _aLondon
_bBodley Head
_c1974
300 _a315p.
_ccm.
500 _aGlossary p309--310; Bibliography p305--308
650 _aINTERNATIONAL ECONOMIC RELATIONS; HISTORY
_923448
942 _hV1:19(X755).N7, L4
_cTEXL
_2CC
999 _c216271
_d216271